000 00514nam a2200181Ia 4500
008 151202s9999||||xx |||||||||||||| ||und||
082 _bPNVM-15526
100 _aविराज.
245 _aकुमार संभव.
260 _b"राजपाल अँ. सन्स, दिल्ली."
260 _c0
300 _a186
600 _aविराज.
630 _aकुमार संभव.
700 _aविराज.
730 _aकुमार संभव.
942 _cBOOK
999 _c1281511
_d1281508